00447nam a2200145Ia 4500100002900000942000700029654001800036245005400054260003600108082002100144300000800165546001200173999001700185952009900202 aAltan/ T/ OH/ S H Gegal  cBK ametal forming aMetal Forming : Fundamentals and Application bAmerican Socty for metalsc1983 a671.30202bATL/O a353 aENGLISH c25324d25324 001040708CRCaCRCEbCRCEd2023-03-17l0o671.30202 ATL/Op12409r2023-03-17w2023-03-17yBK